000 00273nam a2200109Ia 4500
008 230724s9999 xx und d
041 _aeng
100 _aSYMES MICHAEL
245 _aTHE ENGLISH ROCOCO GARDEN
260 _bSIRLSAAC PITMAN & SONS.LTD,LONDON
300 _a80
999 _c1176169
_d1176169